[Event "MCR mladeze, Kouty 2018 - H12"]
[Site "Kouty nad Desnou"]
[Date "2018.03.12"]
[Round "3"]
[White "Kures, Michael"]
[Black "Hak, David"]
[Result "1-0"]
[WhiteElo "1931"]
[BlackElo "1887"]
[EventDate "2018.03.10"]

1. d4  d5  2. c4  e6
3. Nf3  Nf6  4. g3
c6  5. Bg2  Nbd7
6. O-O  Bd6  7. Bf4
Bxf4  8. gxf4  Qc7
9. e3  b6  10. Nbd2
Bb7  11. Rc1  O-O
12. b4  Rfc8  13. c5
a5  14. a3  axb4
15. axb4  bxc5  16. bxc5
Ra5  17. Ra1  Rca8
18. Rxa5  Qxa5  19. Qb3
Ba6  20. Rb1  h6
21. Bf1  Bxf1  22. Kxf1
Rb8  23. Qc2  Rxb1+
24. Qxb1  Qa6+  25. Kg2
Ne8  26. Ne5  Nxe5
27. fxe5  Qa7  28. Qb6
Qc7  29. Nb3  Kf8
30. Qxc7  Nxc7  31. Na5
Ke8  32. Nxc6  Kd7
33. Nb4  Nb5  34. Na2
Kc7  35. Kf3  Kb7
36. Ke2  Ka6  37. Nb4+
Kb7  38. Kd3  Kc7
39. Kc2  f5  40. Kd3
g5  41. Nc2  h5
42. Ne1  g4  43. Ng2  Kd7
44. Kd2  Ke7  45. Nf4
Kf7  46. Nxh5  Nc7
47. Nf4  Ke7  48. h3
gxh3  49. Nxh3  Nb5
50. Kd3  Kf7  51. Ng5+
Ke7  52. f3  Na7
53. e4  dxe4+  54. fxe4
fxe4+  55. Kxe4  Nb5
56. Nf3  Kd7  57. Kd3
Kc6  58. Kc4  Na3+
59. Kb3  Nb5  60. Kb4
Nc7  61. Kc4  Nb5
62. Ng5  Na3+  63. Kb3
Nb5  64. Nxe6  Kd5
65. Kb4  Na7  66. Nd8
Kxd4  67. e6  Nc8
68. Nc6+  Kd5  69. e7
Nxe7  70. Nxe7+  Ke6
71. Nc6  Kd7  72. Kb5
Kc7  73. Nb4  Kb7
74. c6+  Kc8  75. Na6
Kd8  76. Kb6  1-0

[Event "MCR mladeze, Kouty 2018 - H12"]
[Site "Kouty nad Desnou"]
[Date "2018.03.12"]
[Round "3"]
[White "Paseka, Matyas"]
[Black "Lang, Simon"]
[Result "1-0"]
[WhiteElo "1621"]
[BlackElo "1308"]
[EventDate "2018.03.10"]

1. e4  e6  2. d4  d5
3. Nd2  c5  4. exd5
exd5  5. Ngf3  Nf6
6. h3  Bd6  7. dxc5
Bxc5  8. Nb3  Bd6
9. Bg5  O-O  10. Be2
Bf5  11. O-O  Nbd7
12. c3  Qc7  13. Nbd4
Bg6  14. Nb5  Qc6
15. Nfd4  Qb6  16. Be3
Bc5  17. b4  Bxd4
18. Bxd4  Qc6  19. a4
a6  20. Na3  Ne4
21. Rc1  Bf5  22. c4
Ng5  23. Qb3  Qg6
24. Kh1  Rfe8  25. Bf3
Qh6  26. Bxd5  Nf6
27. Bxf6  gxf6  28. Rc3
Kh8  29. Rg3  Rg8
30. Nc2  Ne4  31. Rxg8+
Rxg8  32. Qe3  Qh4
33. Nd4  Bg6  34. Nf3
Qh5  35. Bxe4  f5
36. Qd4+  Rg7  37. Bxb7
f4  38. Re1  f6
39. Qd8+  Rg8  40. Qxf6+  Rg7
41. Re7  Qh6  42. Qf8+
1-0

[Event "MCR mladeze, Kouty 2018 - H12"]
[Site "Kouty nad Desnou"]
[Date "2018.03.12"]
[Round "3"]
[White "Hrbek, Stepan"]
[Black "Kanak, Matyas"]
[Result "1-0"]
[WhiteElo "2018"]
[BlackElo "1379"]
[EventDate "2018.03.10"]

1. c4  Nf6  2. Nf3  e6
3. e3  d5  4. b3
Be7  5. Bb2  O-O
6. d4  c6  7. Bd3
Nbd7  8. O-O  b6
9. Nc3  Bb7  10. Qe2
Rc8  11. e4  dxe4
12. Nxe4  c5  13. Rad1
Nxe4  14. Bxe4  Bxe4
15. Qxe4  Qc7  16. d5
Nf6  17. Bxf6  Bxf6
18. dxe6  Rcd8  19. Rxd8
Rxd8  20. exf7+  Qxf7
21. h3  Re8  22. Qc2
Qc7  23. Rd1  Bd8
24. Qf5  Bf6  25. Rd7
Qb8  26. Qd5+  Kh8
27. g3  Qa8  28. Qxa8
Rxa8 29. Rb7  Kg8  30. Kf1
h6  31. Ne1  Bd8
32. Nc2  Kf8  33. Ne3
a5  34. a4  g6
35. Nd5  Ra6  36. Rb8  Ke8
37. Nc7+  Kd7  38. Nxa6
Be7  39. Rb7+  Kd8
40. Rxb6  Kc8  41. Nxc5
Bxc5  42. Rc6+  Kb7
43. Rxc5  Kb6  44. Rb5+
Ka6  45. c5  g5
46. c6  g4  47. c7  gxh3
48. c8=N  h2  49. Rb6#
1-0

[Event "MCR mladeze, Kouty 2018 - H12"]
[Site "Kouty nad Desnou"]
[Date "2018.03.12"]
[Round "3"]
[White "Smolik, Jachym"]
[Black "Babula, Vlastimil"]
[Result "1/2-1/2"]
[WhiteElo "1532"]
[BlackElo "1806"]
[EventDate "2018.03.10"]

1. d4  Nf6  2. Nf3  g6
3. Bf4  Bg7  4. e3
O-O  5. Be2  c5
6. c3  b6  7. O-O  d6
8. h3  Na6  9. Nbd2
Nc7  10. Qc2  Bb7
11. Rac1  Ne6  12. Bg3
Rc8  13. Qb1  Qe8
14. Rfe1  Nc7  15. Bf1
Nd7  16. Rcd1  Kh8
17. b3  Nd5  18. Rc1
cxd4  19. cxd4  Nc3
20. Qb2  Ne4  21. Rxc8
Qxc8  22. Nxe4  Bxe4
23. Nd2  Bc6  24. Qb1
Qa8  25. b4  Rc8
26. b5  Bb7  27. Rc1
Nf6  28. a4  Kg8
29. Rc2  Nd5  30. Qc1
Rxc2  31. Qxc2  Qc8
32. Bd3  Nc3  33. Nb1
Nxb1  34. Qxc8+  Bxc8
35. Bxb1  Kf8  36. Kf1
Ke8  37. Ke2  Kd7
38. Ba2  f6  39. f3
Kc7  40. Kd3  Bd7
41. Bd5  Bf8  42. e4
e6  43. Bc4  Kb7
44. Ke3  e5  45. d5
g5  46. Be1  h6 1/2-1/2

[Event "MCR mladeze, Kouty 2018 - H12"]
[Site "Kouty nad Desnou"]
[Date "2018.03.12"]
[Round "3"]
[White "Licka, Denis"]
[Black "Ocenasek, Jan"]
[Result "1-0"]
[WhiteElo "1386"]
[BlackElo "1654"]
[EventDate "2018.03.10"]

1. e4  e6  2. d4 d5  3. exd5
exd5  4. Bd3  Bd6
5. Ne2  Nf6  6. Bf4
O-O  7. O-O  Re8
8. c3  b6  9. Nd2
Rxe2  10. Bxd6  Rxd2
11. Qxd2  Qxd6  12. Rfe1
Ba6  13. Bxa6  Nxa6
14. Qd3  Nb8  15. Re3
Nbd7  16. Rae1  Kf8
17. Qe2  c5  18. Qa6
Qc6  19. f3  Rc8
20. Qa3  b5  21. b3
Nb6  22. Qxa7  Nfd7
23. Re7  Ra8  24. Qa3
b4  25. cxb4  Nf6
26. Qc1  c4  27. Qc2
Rb8  28. R1e5  Nc8
29. Re8+  Qxe8  30. Rxe8+
Kxe8  31. Qc1  Rxb4
32. Qe1+  Kd7  33. Qxb4
cxb3  34. axb3  Nd6
35. Qc5  Ke6  36. b4
Nd7  37. Qa5  Nc4
38. Qa6+  Ndb6  39. g4
g5  40. b5  h6
41. Kf2  Kf6  42. Ke2  Ke6
43. Kd3  f5  44. h3
Kf6  45. Kc3  Ke6
46. Kb4  fxg4  47. fxg4
Kd6  48. Qb7  1-0

[Event "MCR mladeze, Kouty 2018 - H12"]
[Site "Kouty nad Desnou"]
[Date "2018.03.12"]
[Round "3"]
[White "Mohapl, Tomas"]
[Black "Cerny, Michal"]
[Result "1-0"]
[WhiteElo "1372"]
[BlackElo "1549"]
[EventDate "2018.03.10"]

1. e4 c5 2. Nf3 d6 3. d4 cxd4 4. Nxd4 Nf6 5. Nc3 a6 6. f3 e6 7. Be3 Qc7 8. Qd2
Be7 9. O-O-O O-O 10. g4 Nc6 11. g5 Nd7 12. h4 Re8 13. h5 Nf8 14. f4 b5 15. Bd3
Bb7 16. Qh2 Nxd4 17. Bxd4 e5 18. Be3 Ne6 19. Rdg1 exf4 20. Bxf4 Qd8 21. g6 h6 22.
gxf7+ Kxf7 23. Rf1 Kg8 24. Kb1 Nxf4 25. Qxf4 Rf8 26. Qg4 Bf6 27. Rhg1 Kh8 28. Qg6
Be5 29. Nd5 Rxf1+ 30. Rxf1 Qg5 31. Qf7 Bxd5 32. exd5 Qd8 33. Qg6 Qg8 34. Rf7 Bf6
35. Rxf6 1-0

[Event "MCR mladeze, Kouty 2018 - H12"]
[Site "Kouty nad Desnou"]
[Date "2018.03.12"]
[Round "3"]
[White "Janous, Marek"]
[Black "Werner, Hong Quan Dan"]
[Result "0-1"]
[WhiteElo "1328"]
[BlackElo "1534"]
[EventDate "2018.03.10"]

1. e4  e5  2. Nf3  Nc6 3. Nc3 Nf6
4. d4  Bb4  5. Bg5 h6 6. Bh4
g5  7. Bg3  Nxe4
8. Qd3  d5 9. a3  Bxc3+
10. bxc3  f6  11. Be2
Bf5 12. Qe3  Qe7  13. dxe5 O-O-O
14. exf6  Qxf6  15. Nh4
Rhe8  16. Nxf5  Nxc3
17. Qd3 Nxe2 18. Kd2  Re4  19.
Qf3 Nf4  20. Nh4  Qd4+ 0-1

[Event "MCR mladeze, Kouty 2018 - H12"]
[Site "Kouty nad Desnou"]
[Date "2018.03.12"]
[Round "3"]
[White "Petricek, Lukas"]
[Black "Vaclavik, Jan"]
[Result "1-0"]
[WhiteElo "1779"]
[BlackElo "1448"]
[EventDate "2018.03.10"]

1. e4  c5  2. c3  d5
3. exd5  Qxd5  4. d4
Nf6  5. Nf3  Bg4
6. Be2  e6  7. O-O
Nc6  8. h3  Bh5
9. Be3  cxd4  10. cxd4  Be7
11. Nc3  Qd6  12. a3
O-O  13. Qb3  Rfd8
14. Rfd1  Rac8  15. Rac1
h6  16. Qxb7  Rb8
17. Qa6  Rxb2  18. Na4
Rxe2  19. Qxe2  Nd5
20. Nc5  Rb8  21. Ne4
Qd7  22. Nc5  Qd6
23. Qc2  Nxe3  24. fxe3
Bg5 25. Re1  Bxf3  26. gxf3
Rc8  27. Rcd1  Na5
28. Qh2  Qb6  29. h4 Be7
30. Rb1  Qd8  31. h5
Nc4 32. Ne4 Nxe3  33. Rxe3  Qxd4
34. Qd2  Qxd2  35. Nxd2
Bc5  36. Rbe1  Rd8
37. Ne4  Bb6  38. Kg2
Bxe3  39. Rxe3  Kf8
40. Rb3  Rd7  41. Kg3
Ke7  42. Nc5  Rc7
43. Rb7  Rxb7  44. Nxb7
Kd7  45. Kf4  Kc6
46. Nd8+  Kb5  47. Nxf7
Ka4  48. Nd6  a6
49. Nb7  Kxa3  50. Ke5
Kb4  51. Kxe6  Kb5
52. Kf7  Kb6  53. Nd6
Kc6  54. Nc4  Kb5
55. Nb2  Kb4  56. Kxg7 a5
57. f4  Kb3  58. Na4
Kxa4  59. f5  Kb3
60. f6  a4  61. f7
a3  62. f8=Q  a2
63. Qf7+  Kb2  64. Qxa2+
Kxa2  65. Kxh6  1-0

[Event "MCR mladeze, Kouty 2018 - H12"]
[Site "Kouty nad Desnou"]
[Date "2018.03.12"]
[Round "3"]
[White "Simek, Viktor"]
[Black "Juchelka, Marek"]
[Result "1/2-1/2"]
[WhiteElo "1568"]
[BlackElo "1585"]
[EventDate "2018.03.10"]

1. e4  c5  2. Nf3  d6
3. d4  cxd4  4. Nxd4
g6  5. c4  Bg7
6. Nc3  Nc6  7. Be3  Nf6
8. Be2  O-O  9. O-O
Nxd4  10. Bxd4  Be6
11. f3  b6  12. Rc1
a6  13. Kh1  Rc8
14. b3  Nd7  15. Bxg7
Kxg7  16. Qd4+  Kg8
17. g4  Nc5  18. h4
Bd7  19. Nd5  Bc6
20. Rg1  Nd7  21. Qf2
Bxd5  22. cxd5  b5
23. f4  Nc5  24. Qf3
e6  25. g5  exd5
26. exd5  1/2-1/2

[Event "MCR mladeze, Kouty 2018 - H12"]
[Site "Kouty nad Desnou"]
[Date "2018.03.12"]
[Round "3"]
[White "Pecka, Jan"]
[Black "Prochazka, Vojtech"]
[Result "0-1"]
[WhiteElo "1456"]
[BlackElo "1475"]
[EventDate "2018.03.10"]

1. d4  d5  2. Nf3  Nf6
3. Bf4  Bf5  4. e3
e6  5. Bd3  Bg6
6. h3  Bd6  7. Ne5  O-O
8. Nxg6  hxg6  9. Bxd6
cxd6  10. O-O  Nc6
11. c3  Rc8  12. Nd2
Nd7  13. e4  Nb6
14. exd5  Nxd5  15. Be4
Nb6  16. Re1  d5
17. Bd3  a6  18. Nf3
Na5  19. Ne5  Nac4
20. Bxc4  Nxc4 21. Nxc4  Rxc4
22. a4  Qb6  23. Re2
Rfc8  24. Ra3  Qa5
25. Qb3  Qc7  26. g3
b6  27. Re1  Rb8
28. Re2  Qc6  29. Kg2
a5  30. Qb5 Qxb5  31. axb5
Ra8  32. Re3  Rac8
33. Kf3  Kf8  34. Ke2
Ke7  35. Kd2  g5
36. g4  Rh8  37. Ke2
Kd6  38. Kf1  Rc7
39. Ra1  Ra8  40. b3
Rac8  41. Rc1  a4
42. bxa4  Ra7  43. Ra1
Rc4  44. Rf3  Ke7
45. a5  Rxa5  46. Rxa5
bxa5  47. b6  Rc6
48. Rd3  Rxb6  49. Rd2
Rb3  50. Rc2  a4
51. Kg2  a3  52. c4
Rb2  0-1

[Event "MCR mladeze, Kouty 2018 - H12"]
[Site "Kouty nad Desnou"]
[Date "2018.03.12"]
[Round "3"]
[White "Czepiec, Richard"]
[Black "Vasinek, Martin"]
[Result "0-1"]
[WhiteElo "1213"]
[BlackElo "1356"]
[EventDate "2018.03.10"]

1. e4  c5  2. Nf3  Nc6
3. d4  cxd4  4. Nxd4
g6  5. Nc3  Bg7
6. Be3  Nf6  7. Be2  Qa5
8. Nb3  Qd8  9. O-O
O-O  10. Qd2  d6
11. f3  Bd7  12. Bh6
Ne5  13. Bxg7  Kxg7
14. Kh1  Qb6  15. f4
Neg4  16. f5  Nf2+
17. Kg1  Nh3+  18. Kh1
Qg1+  19. Rxg1  Nf2# 0-1

[Event "MCR mladeze, Kouty 2018 - H12"]
[Site "Kouty nad Desnou"]
[Date "2018.03.12"]
[Round "4"]
[White "Paseka, Matyas"]
[Black "Kures, Michael"]
[Result "1/2-1/2"]
[WhiteElo "1621"]
[BlackElo "1931"]
[EventDate "2018.03.10"]

1. e4 c5 2. Nf3 Nc6 3. d4 cxd4 4. Nxd4 Nf6 5. Nc3 e6 6. Ndb5 d6 7. Bf4 e5 8. Bg5
a6 9. Na3 Be7 10. Nc4 b5 11. Bxf6 gxf6 12. Ne3 Nd4 13. Ncd5 Bb7 14. c3 Ne6 15. a4
Bxd5 16. Nxd5 bxa4 17. Qxa4+ Kf8 18. g3 Nc5 19. Qc2 a5 20. Bg2 Nd7 21. O-O Nb6
22. Ne3 Rg8 23. Nf5 Rh8 24. Qe2 h5 25. f4 Nd7 26. Rad1 Rh7 27. Kh1 Qb6 28. Qd2
Rb8 29. fxe5 fxe5 30. Nxd6 Bxd6 31. Qxd6+ Qxd6 32. Rxd6 Ke7 33. Rfd1 Rb7 34. Ra6
h4 35. g4 Rg7 36. h3 Rg6 37. Rxa5 Rxb2 38. Rad5 Rb7 39. c4 Rc6 40. Bf1 Ra7 41.
Be2 f6 42. Bf1 Nc5 43. Bg2 Ne6 44. Bf1 Ng5 45. Bg2 Rxc4 46. Rd8 Rc2 47. R8d2 Rxd2
48. Rxd2 Ra1+ 49. Kh2 Re1 50. Ra2 Nxe4 51. Ra7+ Kf8 52. Bxe4 Rxe4 53. Rh7 Rf4 54.
Rxh4 Kg7 55. Kg3 Ra4 56. Rh5 Ra3+ 57. Kf2 Kg6 58. Ke2 Ra4 59. Rf5 Ra3 60. Rh5 Ra7
61. Ke3 Ra2 62. Kf3 Ra1 63. Ke2 Ra4 64. Rf5 Rb4 1/2-1/2

[Event "MCR mladeze, Kouty 2018 - H12"]
[Site "Kouty nad Desnou"]
[Date "2018.03.12"]
[Round "4"]
[White "Stalmach, Richard"]
[Black "Mohapl, Tomas"]
[Result "1-0"]
[WhiteElo "1946"]
[BlackElo "1372"]
[EventDate "2018.03.10"]

1. d4  d5  2. c4  c6
3. Nc3  Nf6  4. Nf3
dxc4  5. a4  Bf5
6. e3  e6  7. Bxc4
Bb4  8. O-O  O-O
9. Qe2  Bg6 10. Bd3  Bxd3
11. Qxd3  Nbd7  12. e4
Qa5  13. e5  Nd5
14. Ng5  g6  15. Qh3
h5  16. g4  Bxc3
17. gxh5  Bxd4  18. hxg6
N7f6  19. exf6  Nxf6
20. gxf7+  Rxf7  21. Qxe6
Raf8  22. Kh1  Qd5+
23. Qxd5  Nxd5  24. Nxf7
Rxf7  25. Be3  Bxb2
26. Rab1  Nxe3  27. fxe3
Bf6  28. Rb4  Bc3
29. Rxf7  Bxb4  30. Rxb7
Bc5  31. e4  Bb6
32. Kg2  Kf8  33. Kf3
Ke8  34. h4  Kd8
35. h5 Kc8 36. Rxb6  1-0

[Event "MCR mladeze, Kouty 2018 - H12"]
[Site "Kouty nad Desnou"]
[Date "2018.03.12"]
[Round "4"]
[White "Hak, David"]
[Black "Hlavina, Matous"]
[Result "0-1"]
[WhiteElo "1887"]
[BlackElo "1820"]
[EventDate "2018.03.10"]

1. e4  e6  2. d4  d5
3. e5  c5  4. c3
Nc6  5. Nf3  Bd7
6. Be2  cxd4  7. cxd4
Nge7  8. Bd3  Nf5
9. Bxf5  exf5  10. O-O
Be6  11. Nc3  Be7
12. a3  g5  13. Kh1
f4  14. b4  h5
15. Nb5  Rg8  16. Qd3  Rg6
17. Bd2  g4  18. Ng1
a6  19. Nc3  Bg5
20. Nge2  f3  21. gxf3
gxf3  22. Bxg5  Qxg5
23. Qxf3  Bg4  24. Qe3
Bxe2  25. Qxg5  Bf3+
0-1

[Event "MCR mladeze, Kouty 2018 - H12"]
[Site "Kouty nad Desnou"]
[Date "2018.03.12"]
[Round "4"]
[White "Werner, Hong Quan Dan"]
[Black "Licka, Denis"]
[Result "1-0"]
[WhiteElo "1534"]
[BlackElo "1386"]
[EventDate "2018.03.10"]

1. e4  c5  2. Nf3  d6
3. d4  cxd4  4. Nxd4
Nf6  5. Nc3  a6
6. Bg5  Nbd7  7. Bc4  Qa5
8. Qd2  e6  9. O-O-O
b5  10. Bb3  Be7
11. Kb1  Bb7  12. f3
Nc5  13. g4  Rc8
14. Rhe1  O-O  15. h4
Rfd8  16. h5  b4
17. Nce2  h6  18. Be3
d5  19. e5  Nfd7
20. f4  Ne4  21. Qc1
Ndc5  22. Rg1  Bc6
23. Nxc6  Rxc6  24. Nd4
Rc7  25. Rdf1  Bh4
26. Qd1  Na4  27. Qf3
Rdc8  28. Rg2  Nb6
29. g5  hxg5  30. fxg5
Nc4  31. Qf4  Nxe3
32. Qxe3  Qc5  33. g6
fxg6  34. hxg6  Bg5
35. Rxg5  Nxg5  36. Qxg5
Qxd4  37. Qh5  1-0

[Event "MCR mladeze, Kouty 2018 - H12"]
[Site "Kouty nad Desnou"]
[Date "2018.03.12"]
[Round "4"]
[White "Babula, Vlastimil"]
[Black "Hrbek, Stepan"]
[Result "0-1"]
[WhiteElo "1806"]
[BlackElo "2018"]
[EventDate "2018.03.10"]

1. e4  c5  2. Nf3  Nc6
3. d4  cxd4  4. Nxd4
g6  5. Nc3  Bg7
6. Be3  Nf6  7. Bc4  O-O
8. Bb3  Re8  9. O-O
d6  10. h3  Bd7
11. Re1  Rc8  12. Qd2  a6
13. Rad1  b5  14. Qe2
Na5  15. Bg5  Nc4
16. Bxc4  Rxc4  17. Nf3
Qc8  18. e5  dxe5
19. Nxe5  Rc5  20. Qf3
Be6  21. Bf4  b4
22. Nd3  bxc3  23. Nxc5
Qxc5  24. b3  Nd5
25. Be5  Nb4  26. Bxg7
Kxg7  27. Qe2  Bf5
28. Qe5+  Qxe5  29. Rxe5
Rc8  30. Rxe7  Bxc2
31. Rdd7  g5  32. Rxf7+
Kg8  33. Rc7  Rxc7
34. Rxc7  Nxa2  35. Kf1
Bxb3  36. Ke1  c2
37. Kd2  c1=Q+  38. Rxc1
Nxc1  39. Kxc1  Kf7
40. g3  Kf6  41. Kd2
a5  42. f3  a4
0-1

[Event "MCR mladeze, Kouty 2018 - H12"]
[Site "Kouty nad Desnou"]
[Date "2018.03.12"]
[Round "4"]
[White "Lang, Simon"]
[Black "Petricek, Lukas"]
[Result "0-1"]
[WhiteElo "1308"]
[BlackElo "1779"]
[EventDate "2018.03.10"]

1. d4  d5  2. c4  c6
3. Nc3  Nf6  4. Nf3
e6  5. Bg5  dxc4
6. e4  b5  7. Be2
Be7  8. O-O  Bb7
9. Qc2  Nbd7  10. Rad1
O-O  11. d5  exd5
12. exd5  Nxd5  13. Bxe7
Qxe7  14. Rfe1 Qf6  15. Nxd5
cxd5  16. Nd4  a6
17. Bh5  g6  18. Bf3
Ne5  19. Re3  Rae8
20. Rde1  Nxf3+  21. Nxf3
Rxe3  22. Rxe3  d4
23. Ra3  d3  24. Qd2
Bxf3  25. gxf3  Qxf3
26. Rxa6  Qe2  27. Qa5
d2  28. Rd6  d1=Q+
29. Rxd1  Qxd1+  30. Kg2
Rd8  31. Qxb5  Qg4+
0-1

[Event "MCR mladeze, Kouty 2018 - H12"]
[Site "Kouty nad Desnou"]
[Date "2018.03.12"]
[Round "4"]
[White "Prochazka, Vojtech"]
[Black "Smolik, Jachym"]
[Result "1-0"]
[WhiteElo "1475"]
[BlackElo "1532"]
[EventDate "2018.03.10"]

1. e4 c5 2. Nf3 d6 3. c3 Nc6 4. h3 g6 5. Bd3 Bg7 6. O-O Nf6 7. Bc2 O-O 8. d3 b5
9. Be3 b4 10. d4 bxc3 11. bxc3 cxd4 12. cxd4 Nb4 13. Bb3 Bb7 14. a3 Na6 15. e5
dxe5 16. Nxe5 Nc7 17. Nc3 Ncd5 18. Nxd5 Nxd5 19. Qd2 Nxe3 20. Qxe3 Rc8 21. Rac1
Rxc1 22. Rxc1 Qa8 23. Nxf7 Rxf7 24. Qe6 Qf8 25. Rc7 Kh8 26. Qxf7 Ba6 27. Qxf8+
Bxf8 28. Rxa7 Bd3 29. d5 Bh6 30. Rxe7 Bc1 31. a4 Ba3 32. Rc7 Bb4 33. Bc4 Bc2 34.
Bb5 Bb3 35. Bc6 Ba5 36. Rd7 1-0

[Event "MCR mladeze, Kouty 2018 - H12"]
[Site "Kouty nad Desnou"]
[Date "2018.03.12"]
[Round "4"]
[White "Ocenasek, Jan"]
[Black "Janous, Marek"]
[Result "0-1"]
[WhiteElo "1654"]
[BlackElo "1328"]
[EventDate "2018.03.10"]

1. e4  c5  2. Nf3  e6
3. Nc3  d5  4. exd5
exd5  5. d4 cxd4  6. Nxd4
Bb4 7. Bd3  Nf6  8. O-O
O-O  9. Bg5  Nbd7 10. Nxd5 Bc5
11. Nb3  Bb6  12. Nxf6+
Nxf6  13. h3  h6 14. Bh4
Be6  15. Nd2  Qd4
16. Bxf6 Qxf6  17. Qc1  Bd4
18. c3  Bb6  19. Kh1
Rad8 20. Qc2  Bc7  21. Be4
Qf4  22. Nf3  b6
23. a3 Rfe8  24. Rfe1  Rd2
25. Qc1 Rxf2  26. Qxf4  Bxf4
27. b4  Rc8  28. Rad1 Ra2 29.
Bd5  Bxd5  30. Rxd5 Rxa3 31. Rd7
Bg3  32. Ree7  Raxc3 33. Rd1  Rc1
34. Red7  Rxd1+  35. Rxd1
a5  36. Kg1  axb4
37. Kf1  Kf8  38. Nd4
Be5 39. Ke2  Bxd4  40. Rxd4
b3  41. Rb4  Rb8
42. Rxb3  b5  43. Rb4
Rb7  44. Kd3 Ke7  45. Kd4
Kd6  46. g3  Rb8 47. h4
Rb7  48. g4  f6
49. Kc3  Kc5  50. Rb1  b4+
51. Kb3  Kd4  52. Rc1
Ke4  53. Rc4+  Kf3
54. h5  Kg3  55. Re4
Kf3  56. Rd4  Re7
57. Rxb4 Re4 0-1

[Event "MCR mladeze, Kouty 2018 - H12"]
[Site "Kouty nad Desnou"]
[Date "2018.03.12"]
[Round "4"]
[White "Juchelka, Marek"]
[Black "Cerny, Michal"]
[Result "0-1"]
[WhiteElo "1585"]
[BlackElo "1549"]
[EventDate "2018.03.10"]

1. e4  c5  2. Nf3  d6
3. d4  cxd4  4. Nxd4
Nf6  5. Nc3  a6
6. Be2  e6  7. Be3  b5
8. a3  Be7  9. O-O
Bb7  10. Bd3  O-O
11. f4  Qc7  12. f5
e5  13. Nb3  Nbd7
14. g4  Nc5  15. Nxc5
dxc5  16. g5  Ne8
17. Qg4  Kh8  18. Qh5
Kg8  19. Rf2  f6
20. h4  Bd6  21. Rg2
Bc6  22. Rf1  Rd8
23. Rf3  Qb7  24. Rfg3
Rd7  25. b3  c4
26. bxc4  Bxa3  27. cxb5 axb5
28. Nd5  Bxd5  29. exd5  fxg5
30. hxg5  e4  31. Bxe4
Nd6  32. Bd3  Nxf5
33. Rf3  g6  34. Qh3
Nxe3  35. Rxe3  Bc5
36. Kh2  Bxe3  37. Qxe3
Qc7+  38. Kg1  Rxd5
39. Kh1  Re5  40. Qd2
Qc5  41. Qa5  Qd5
42. Kh2  Rxg5  43. Rxg5
Qxg5  44. Kh1  Qh4+
45. Kg1  Qg3+  46. Kh1
Qf3+  47. Kg1  Qd1+
48. Kg2  Qg4+  49. Kh1
Qa4  50. Qc3  Ra8
51. Qc5  Qh4+  52. Kg2
Qg4+  53. Kh2  Qh5+
54. Qxh5  gxh5  55. Bxb5
Kg7  56. Kh3  Ra5
57. c4  Ra1  58. Bd7
Rc1  59. Be6  Kg6
60. Bd5  Kg5  61. Be6
Rc3+  62. Kg2  h4
63. Kh2  h6  64. Kg2
Kf6  65. Bd5  h3+
66. Kh2  Kg5  67. Be6
Kh4  68. Bf5  h5
69. c5  Rxc5  70. Bxh3
Rc2+  71. Bg2  Kg4
72. Kh1  Kg3  73. Kg1
Rc1+  74. Bf1  h4
75. Kh1  Rxf1#  0-1

[Event "MCR mladeze, Kouty 2018 - H12"]
[Site "Kouty nad Desnou"]
[Date "2018.03.12"]
[Round "4"]
[White "Kanak, Matyas"]
[Black "Simek, Viktor"]
[Result "0-1"]
[WhiteElo "1379"]
[BlackElo "1568"]
[EventDate "2018.03.10"]

1. e4  e5  2. Nf3  Nc6
3. d4  exd4  4. Nxd4
Bc5  5. Be3  Qf6
6. c3  Nge7  7. Bc4
O-O  8. O-O  Bb6
9. Na3  d6  10. Nac2
Ne5  11. Be2  Bd7
12. Qd2  h6  13. h3
N7c6  14. f4  Ng6
15. Nb5  Rac8  16. Bxb6
axb6  17. Ncd4  Rfe8
18. Bd3  Nxd4  19. Nxd4
Bc6  20. Rae1  Ra8
21. Nxc6  bxc6  22. e5
dxe5  23. fxe5  Qe6
24. b3  Ra5  25. Bc4
Rd5  26. Bxd5  cxd5
27. Qc2  Nxe5  28. Qf5
Qxf5  29. Rxf5  Nf3+
30. Rxf3  Rxe1+  31. Kf2
Ra1  32. a4  Ra3
33. Ke3  c5  34. g4
Rxb3  35. Kd2  d4
36. Kc2  Rxc3+  37. Rxc3
dxc3  38. Kxc3  Kf8
39. Kc4  Ke7  40. Kb5
Kd6  41. Kxb6  c4
42. a5  c3  43. a6
c2  44. a7  c1=Q
45. a8=Q  Qb1+  46. Ka7
Qa2+  47. Kb7  Qxa8+
48. Kxa8  Ke5  49. Kb7
Kf4  50. Kc6  Kg3
51. Kd7  Kxh3  52. Ke7
Kxg4  53. Kxf7  h5
54. Kxg7  h4  55. Kf6
h3  56. Kg6  h2
57. Kf6  h1=Q  58. Kg6  Qc6+
59. Kg7  Kf5  60. Kh8
Kg6  61. Kg8  Qc7
62. Kf8  Qf7# 0-1

[Event "MCR mladeze, Kouty 2018 - H12"]
[Site "Kouty nad Desnou"]
[Date "2018.03.12"]
[Round "4"]
[White "Vasinek, Martin"]
[Black "Vaclavik, Jan"]
[Result "1/2-1/2"]
[WhiteElo "1356"]
[BlackElo "1448"]
[EventDate "2018.03.10"]

1. d4  d5  2. c4  c6
3. Nc3  Nf6  4. e3
e6  5. Nf3  Nbd7
6. Qc2  Be7  7. Be2
dxc4  8. Bxc4  b5
9. Be2  a6  10. O-O
Bb7  11. Rd1  O-O
12. b3  Qb6  13. Bb2
c5  14. Rac1  Rac8
15. Qb1  h6  16. h3
Rfd8  17. Rd2  cxd4
18. Rxd4  Bc5  19. Rd2
Bxf3  20. Bxf3  Ne5
21. Rxd8+  Rxd8  22. Be2
Nc6  23. Ne4  Nxe4
24. Qxe4  Rd5  25. Rd1
Qd8  26. Rxd5  exd5
27. Qc2  Qd6  28. Qc3
d4  29. exd4  Nxd4
30. Qd3  Qe5  31. Bxd4
Qxd4  32. Qxd4  Bxd4
33. Kf1  Kf8  34. Bh5
Ke7  35. Ke2  f6
36. f3  Bc5  37. Kd3
Bb6  38. Ke4  Kd6
39. Kf5  Ke7 1/2-1/2

[Event "MCR mladeze, Kouty 2018 - H12"]
[Site "Kouty nad Desnou"]
[Date "2018.03.12"]
[Round "4"]
[White "Czepiec, Richard"]
[Black "Pecka, Jan"]
[Result "0-1"]
[WhiteElo "1213"]
[BlackElo "1456"]
[EventDate "2018.03.10"]

1. e4  c5  2. Nf3  d6
3. c3  Nf6  4. Bd3
g6  5. Bc2  Bg7
6. O-O O-O  7. h3  Nc6  8. d4
cxd4  9. cxd4  b5
10. Bg5  d5  11. e5
Ne4  12. Bf4  Bb7
13. Nc3  Nxc3  14. bxc3
Rc8  15. Rb1  a6
16. a4  Na7  17. Qd2
Qa5  18. Rb3  Bc6
19. axb5  Nxb5  20. Qd3
Bd7  21. Qd2  Rxc3
22. Qe1  Qc7  23. Rxc3
Nxc3  24. Bd3  Bb5
25. Bxb5  Nxb5  26. Qe3
Qc3  27. Bh6  Qxe3
28. Bxe3  Ra8  29. Ng5
e6  30. Ra1  Bf8
31. Kf1  Bb4  32. Ke2
a5  33. Kd3  Rc8
34. Bd2  Bxd2  35. Kxd2
Nxd4  36. Kd3  Nb3
37. Rb1  a4  38. Nf3
Rc4  39. Nd2  Rd4+
40. Kc2  Rxd2+  41. Kc3
d4+  42. Kb4  Ra2
43. f4  d3  44. Kc3
d2  45. g3  Nc1
0-1

[Event "MCR mladeze, Kouty 2018 - H12"]
[Site "Kouty nad Desnou"]
[Date "2018.03.13"]
[Round "5"]
[White "Kures, Michael"]
[Black "Stalmach, Richard"]
[Result "0-1"]
[WhiteElo "1931"]
[BlackElo "1946"]
[EventDate "2018.03.10"]

1. d4 d5 2. c4 e6 3. Nf3 c6 4. g3 f5 5. Bg2 Nf6 6. O-O Be7 7. c5 b6 8. cxb6 axb6
9. Qc2 O-O 10. Bd2 c5 11. e3 Bb7 12. Nc3 Nc6 13. a3 Ne4 14. Ne2 Bf6 15. Bc3 Qe7
16. Rfd1 Rfc8 17. Qb3 Ba6 18. Bf1 Bc4 19. Qc2 Bxe2 20. Qxe2 Nxc3 21. bxc3 c4 22.
Qb2 Qd6 23. Nd2 Ra4 24. Ra2 Be7 25. Rda1 Rca8 26. Nb1 R8a6 27. Be2 Qb8 28. f3 Qa8
29. e4 R4a5 30. exd5 exd5 31. f4 b5 32. Bf3 b4 33. cxb4 Nxb4 34. axb4 Rxa2 35.
Bxd5+ Qxd5 36. Rxa2 Rxa2 37. Qxa2 Qxd4+ 38. Kg2 Qe4+ 39. Kh3 Bxb4 40. Nd2 Bxd2
41. Qxd2 h6 42. Kh4 Qd3 43. Qa2 Kh7 44. g4 Qf3 45. gxf5 Qxf4+ 46. Kh3 Qxf5+ 47.
Kg2 c3 48. Qb3 c2 49. Qa3 Qg5+ 0-1